01120nam a2200229 i 4500001000300000111011500003245027100118246008200389260003300471300003600504500005300540504002400593650001800617655002900635710003300664020001500697040000800712041001300720080001800733008004100751856009800792bg2 aMiędzynarodowe Sympozjum Naukowe Studentów i Młodych Pracowników Naukin(20 ;d1998 ;cZielona Góra).04a20. Międzynarodowe Sympozjum Naukowe Studentów i Młodych Pracowników Nauki =b20th International Scientific Symposium of Students and Young Research Workers : Zielona Góra, maj 1998.nT. 5.nCz. 1,pZarządzanie = Management /cPolitechnika Zielonogórska11aInternational Scientific Symposium of Students and Young Research Workers, 20 aZielona Góra :bPZ,c1999. a328 s. :brys., wykr. ;c24 cm. aTekst częśc. ang. - Streszcz. ang. przy ref. aBibliogr. przy ref. 9aZarządzanie aMateriały konferencyjne 0aPolitechnika Zielonogórska a838591160X cBPK0 aplenben a65.012.4(061) s pl f |000 0 pol  uhttp://koha.tu.koszalin.pl/cgi-bin/koha/opac-detail.pl?biblionumber=38071yKatalog online BPK